Loading...
| History - Other | 0 | 10 | 2 | 1 | 90 | 43 | 70.90 | 6 | 10 | 0.00 | 0.00 |
| Social Science | 0 | 8 | 0 | 0 | 80 | 62 | 85.63 | 5 | 7 | 0.00 | 0.00 |
| History - European | 0 | 9 | 3 | 1 | 75 | 17 | 65.89 | 5 | 9 | 0.00 | 0.00 |
| Literature - British | 0 | 7 | 0 | 1 | 70 | 47 | 84.71 | 4 | 6 | 0.00 | 0.00 |
| Fine Arts - Other | 0 | 7 | 0 | 0 | 70 | 64 | 84.29 | 2 | 6 | 0.00 | 0.00 |
| History - American | 0 | 7 | 1 | 0 | 65 | 59 | 75.29 | 2 | 6 | 0.00 | 0.00 |
| Literature - European | 0 | 6 | 0 | 1 | 60 | 70 | 94.67 | 2 | 6 | 0.00 | 0.00 |
| History - World | 0 | 8 | 5 | 1 | 55 | 20 | 63.88 | 6 | 7 | 0.00 | 0.00 |
| Literature - American | 0 | 5 | 0 | 1 | 50 | 77 | 99.80 | 1 | 3 | 0.00 | 0.00 |
| Literature - World | 0 | 5 | 1 | 1 | 45 | 28 | 90.60 | 3 | 4 | 0.00 | 0.00 |
| Philosophy | 0 | 5 | 1 | 1 | 45 | 71 | 91.20 | 2 | 3 | 0.00 | 0.00 |
| Religion | 0 | 6 | 3 | 1 | 45 | 43 | 85.33 | 3 | 4 | 0.00 | 0.00 |
| Mythology | 0 | 5 | 1 | 1 | 45 | 67 | 103.40 | 1 | 3 | 0.00 | 0.00 |
| Current Events | 0 | 3 | 0 | 0 | 30 | 33 | 64.00 | 3 | 3 | 0.00 | 0.00 |
| Fine Arts - Classical Music | 0 | 2 | 0 | 0 | 20 | 96 | 105.00 | 0 | 2 | 0.00 | 0.00 |
| Geography | 0 | 2 | 0 | 0 | 20 | 72 | 97.00 | 1 | 1 | 0.00 | 0.00 |
| Fine Arts - Painting and Sculpture | 0 | 2 | 0 | 0 | 20 | 76 | 101.00 | 0 | 2 | 0.00 | 0.00 |
| Other Academic | 0 | 2 | 0 | 0 | 20 | 44 | 54.50 | 0 | 2 | 0.00 | 0.00 |
| Pop Culture | 0 | 1 | 0 | 0 | 10 | 35 | 35.00 | 0 | 1 | 0.00 | 0.00 |